Angelo /

Gespeichert in:
Bibliographische Detailangaben
1. Verfasser: Bellezza, Dario (Verfasst von)
Format: Buch
Sprache:Italienisch
Veröffentlicht: Milano : Garzanti, 1979
Ausgabe:2. ed
Schriftenreihe:Nuova narrativa Garzanti
Tags: Tag hinzufügen
Keine Tags, Fügen Sie das erste Tag hinzu!

MARC

LEADER 00000nam a22000007i 4500
001 IT\ICCU\CFI\0305922
003 ItRI
005 20250418143302.0
008 951102s1979 it |||||| ||||| |||||c
040 |b ita  |c Arcigay Genova 
041 7 |a ita  |2 ISO-639-2 
082 |a 853.914  |2 20 
100 1 |a Bellezza, Dario  |0 IT\ICCU\CFIV\004133  |4 aut 
240 1 0 |a Angelo  |9 Bellezza, Dario 
245 1 0 |a Angelo /  |c Dario Bellezza. 
250 |a 2. ed 
260 |a Milano :  |b Garzanti,  |c 1979 
300 |a 169 p. ;  |c 21 cm. 
830 0 |a Nuova narrativa Garzanti  |0 IT\ICCU\CFI\0048329 
942 |2 ddc  |c BK 
952 |0 0  |1 0  |2 ddc  |4 0  |6 853_910000000000000_BEL_ANG  |7 1  |9 3840  |a GE  |b GE  |d 2025-04-18  |l 0  |o 853.91 BEL ANG  |p 1558  |r 2025-04-18 14:34:19  |w 2025-04-18  |x Donazione di Alvaro Bazzano  |y BK  |z Donazione AB 
981 1 |6 z01  |a i   |b xxxe  
982 1 |6 z01  |a n 
999 |c 2993  |d 2993